| 000 | 01200nam a22003497a 4500 | ||
|---|---|---|---|
| 003 | CHAP | ||
| 005 | 20251008111140.0 | ||
| 008 | 971013s1982 r 00010 d | ||
| 010 | _a23093 | ||
| 011 | _a24065 | ||
| 035 | _a28164 | ||
| 040 | _cCHAP | ||
| 090 | _aTesis | ||
| 100 | 1 | 0 |
_aAyala Villarreal, Gastón Antonio _98983 |
| 245 |
_aResistencia genética del Sorghum spp., al ataque de insectos plagas _b: estudio monográfico |
||
| 260 |
_aMonterrey, N.L. : _bEl autor, _c1982 |
||
| 300 |
_a122 h. _b: ilus |
||
| 502 | _aTesis (Biólogo) -- UANL. Facultad de Ciencias Biológicas | ||
| 590 |
_aALEPH _b10 _c20130110 _lUCH01 _h1247 |
||
| 590 |
_aBATCH-UPD _b10 _c20130110 _lUCH01 _h2141 |
||
| 590 |
_aBATCH-UPD _b10 _c20130410 _lUCH01 _h1450 |
||
| 590 |
_aBATCH-UPD _b10 _c20130914 _lUCH01 _h0501 |
||
| 590 |
_aBATCH-UPD _b10 _c20130914 _lUCH01 _h2034 |
||
| 590 |
_aCONVERSION _b10 _c20130109 _lUCH01 _h1314 |
||
| 650 | 1 | 4 |
_aSorgo _xGenética. _9108673 |
| 650 | 1 | 4 |
_aSorgo _xPlagas. _9108704 |
| 650 | 1 | 4 |
_aSorgo _xVariedades resistentes a plagas. _9108736 |
| 901 | _aBK | ||
| 942 | _cFOLL | ||
| 949 |
_bBC _cTES _d33724002168991 _eTS2 _fc.2 _i28164 _sb |
||
| 949 |
_bBC _cTES _d33724002169538 _eTS1 _i28164 _si |
||
| 999 |
_c23093 _d23093 |
||